Orchestrating learning with quality / (Record no. 126982)

MARC details
000 -LEADER
fixed length control field 00897nam a22002657a 4500
003 - CONTROL NUMBER IDENTIFIER
control field dpl
005 - DATE AND TIME OF LATEST TRANSACTION
control field 20180602144144.0
008 - FIXED-LENGTH DATA ELEMENTS--GENERAL INFORMATION
fixed length control field 180602b xxu||||| |||| 00| 0 eng d
010 ## - LIBRARY OF CONGRESS CONTROL NUMBER
LC control number A-853473, A-853477
020 ## - INTERNATIONAL STANDARD BOOK NUMBER
Terms of availability 00.00
International Standard Book Number 0074632345
035 ## - SYSTEM CONTROL NUMBER
System control number A-853473
037 ## - SOURCE OF ACQUISITION
Source of stock number/acquisition Cen Lib/Ret
040 ## - CATALOGING SOURCE
Original cataloging agency DPL
Language of cataloging EN
Transcribing agency 0
082 ## - DEWEY DECIMAL CLASSIFICATION NUMBER
Classification number 371.332
Item number LAN
100 ## - MAIN ENTRY--PERSONAL NAME
Personal name Langford, David P.
9 (RLIN) 19044
245 ## - TITLE STATEMENT
Title Orchestrating learning with quality /
Statement of responsibility, etc by David P. Langford [and] Barbara A. Cleary
260 ## - PUBLICATION, DISTRIBUTION, ETC. (IMPRINT)
Place of publication, distribution, etc New Delhi
Name of publisher, distributor, etc Tata McGraw-Hill Publishing Company
Date of publication, distribution, etc 1995
270 ## - ADDRESS
City New Delhi
Address 4/12, asaf ali road, dariya ganj
Postal code 110002
300 ## - PHYSICAL DESCRIPTION
Extent xv, 187p.
Dimensions 22cm(Hb)
500 ## - GENERAL NOTE
General note Includes bibliographical references and index
650 ## - SUBJECT ADDED ENTRY--TOPICAL TERM
Topical term or geographic name as entry element Teaching
9 (RLIN) 8075
650 ## - SUBJECT ADDED ENTRY--TOPICAL TERM
Topical term or geographic name as entry element Total quality management
9 (RLIN) 6345
700 ## - ADDED ENTRY--PERSONAL NAME
Personal name Cleary, Barbara A.
9 (RLIN) 19045
942 ## - ADDED ENTRY ELEMENTS (KOHA)
Source of classification or shelving scheme Dewey Decimal Classification
Koha item type English Books
Classification part 371.332
Call number suffix LAN
Holdings
Withdrawn status Lost status Damaged status Not for loan Home library Current library Date acquired Source of acquisition Cost, normal purchase price Total Checkouts Full call number Barcode Date last seen Date checked out Copy number Cost, replacement price Price effective from Koha item type Source of classification or shelving scheme Collection code
        Central Library Central Library 27/06/2015 Cen Lib/Ret 0.00 1 371.332 LAN A-853473 10/04/2019 27/03/2019 1 0.00 27/06/2015 English Books    
        Sarojini Nagar Sarojini Nagar 17/10/2018       371.332 LAN A-853475 17/10/2018       17/10/2018 English Books Dewey Decimal Classification Non-fiction
        Shahdara Branch Shahdara Branch 02/06/2018 BPPD/PUB 0.00   371.332 LAN A-853477 02/06/2018     0.00 02/06/2018 English Books Dewey Decimal Classification Non-fiction

© Delhi Public Library
Hit Counter
free hit counter